01004nam a2200241 a 450000100060000000300080000600500170001400800390003103500190007004000320008904100080012108200260012910000230015524501670017825000120034526000490035730000320040649000930043850400510053165000470058265000400062983000930066959976BD-RjUL20211209080806.0161229s1970 enkh 001 0 eng a(BD-RjUL)60100 aDLCcDLCdDLCdBD-RjULbeng aeng00a016.658bBAH 19702231 aBakewell, K. G. B.10aHow to find out: management and productivity :ba guide to sources of information arranged according to the Universal decimal classification /cK. G. B. Bakewell. a2nd ed. aOxford ;aNew York :bPergamon Press,cc1970 ax, 389 p. :bill. ;c20 cm.0 aThe Commonwealth and international library. Libraries and technical information division aIncludes bibliographical references and index. aIndustrial management xBibliography.  aLabor productivity xBibliography.  aThe Commonwealth and international library. Libraries and technical information division